Frank Ocean songs - Statistics

General Stats
  • This quiz has been taken 123 times
  • The average score is 25 of 48
Answer Stats
Hint Answer % Correct
Blonde Ivy
87%
channel ORANGE White
87%
Blonde Pink + White
84%
Blonde White Ferrari
81%
Blonde Solo
80%
Blonde Solo (Reprise)
80%
Blonde Nights
79%
Blonde Nikes
78%
channel ORANGE Pyramids
76%
channel ORANGE Pink Matter
68%
Blonde Self Control
68%
channel ORANGE Lost
66%
Blonde Seigfried
65%
channel ORANGE Super Rich Kids
65%
Blonde Godspeed
64%
channel ORANGE Thinkin Bout You
62%
channel ORANGE End
61%
channel ORANGE Start
60%
Blonde Facebook Story
58%
channel ORANGE Forrest Gump
58%
channel ORANGE Sweet Life
57%
channel ORANGE Crack Rock
55%
channel ORANGE Monks
54%
nostalgia,ULTRA. Novacane
54%
channel ORANGE Sierra Leone
54%
channel ORANGE Bad Religion
53%
Blonde Futura Free
53%
channel ORANGE Pilot Jones
51%
Blonde Good Guy
49%
nostalgia,ULTRA. american wedding
47%
Blonde Skyline To
47%
Blonde Be Yourself
44%
channel ORANGE Fertilizer
43%
nostalgia,ULTRA. strawberry swing
42%
Blonde Close to You
40%
Blonde Pretty Sweet
40%
channel ORANGE Not Just Money
30%
nostalgia,ULTRA. songs for women
30%
nostalgia,ULTRA. Swim Good
30%
nostalgia,ULTRA. we all try
23%
nostalgia,ULTRA. nature feels
21%
nostalgia,ULTRA. lovecrimes
19%
nostalgia,ULTRA. bitches talkin'
18%
nostalgia,ULTRA. dust
18%
nostalgia,ULTRA. soul calibur
17%
nostalgia,ULTRA. goldeneye
15%
nostalgia,ULTRA. street fighter
15%
nostalgia,ULTRA. there will be tears
15%
No matching quizzes found
Score Distribution
Percent of People with Each Score
Percentile by Number Answered
Your Score History
You have not taken this quiz